| 000 | 00609nam a2200193 i 4500 | ||
|---|---|---|---|
| 001 | 61695 | ||
| 003 | ES-MaACL | ||
| 005 | 20251013211834.0 | ||
| 007 | t| | ||
| 008 | 031113s1913 fr ||||1| fre d | ||
| 100 | 1 |
_aFaguet, Émile, _d1847-1916 _948632 |
|
| 245 | 1 | 3 |
_aLa Fontaine / _cÉmile Faguet. |
| 260 |
_aParis : _bAncienne Librairie Secéne Dudiu et Cie, _c1913 ( _ePoitiers : _fSocietè Francaise d'Imprimerie) |
||
| 300 |
_a356 p. ; _c19 cm. |
||
| 600 | 1 | 4 |
_aLa Fontaine, Jean de, _d1621-1695 _969147 |
| 852 |
_aES-MaACL _jF-7921 |
||
| 852 |
_aES-MaACL _jG-8584 |
||
| 999 |
_c61695 _d61695 |
||